000 00601nam a2200205 a 4500
003 BD-DhJNU
005 20250924062346.0
008 250501s1996 ii a b 001 0 eng
040 _aBD-DhJNU
_bENG
_cBD-DhJNU
_dBD-DhJNU
082 0 0 _a942 MAE
_223
100 1 _aMarriott , J A R
245 1 0 _aEngland since waterloo /
_cJ A R Marriott
250 _a15th ed.
260 _aDelhi :
_bSurjeet Publications,
_c1996.
300 _axix, 456 p. :
_bill. ;
_c20 cm.
504 _aIncludes bibliographical references and index.
650 0 _aBritish history
650 0 _a19th-century England
942 _cBK
999 _c2161
_d2161